Movies Quiz

Random Movies or Letter Quiz
Score 0/20 Timer 04:00
1 Play Today
Movie Wrong Letter % Correct
Leadpool (2016)???
92.3%
Zombiehand (2009)???
89.7%
Finding Nero (2003)???
89.5%
Schindler's Lisp (1993)???
88.9%
Top Story (1995)???
88.6%
Pacific Aim (2013)???
88.4%
The Hurt Mocker (2008)???
87.9%
Citizen Jane (1941)???
87.2%
Walk the Lane (2005)???
85.1%
Raving Bull (1980)???
84.8%
Movie Wrong Letter % Correct
Romeo Must Dig (2000)???
83.9%
Inside Gut (2015)???
81.8%
Boyhold (2014)???
81.2%
The Big Shoot (2015)???
71.8%
Poop Dreams (1994)???
71.8%
I Am Sad (2001)???
65.1%
Dread (2012)???
64.4%
Tron (2004)???
63.8%
Good Bunger (1997)???
63.5%
Reno Men (2010)???
60.6%
Remove Ads.
Support Sporcle.
Get the best of Sporcle when you Go Orange. This ad-free experience offers more features, more stats, and more fun while also helping to support Sporcle. Thank you for becoming a member.

You're not logged in!

Compare scores with friends on all Sporcle quizzes.
OR
Log In

Show Comments

Extras

Top Quizzes Today


Score Distribution

Your Account Isn't Verified!

In order to create a playlist on Sporcle, you need to verify the email address you used during registration. Go to your Sporcle Settings to finish the process.

Report this User

Report this user for behavior that violates our Community Guidelines.

Details: